Twitter Sentiment Analysis (Record no. 11286)
[ view plain ]
| 000 -LEADER | |
|---|---|
| fixed length control field | 00361 a2200109 4500 |
| 082 ## - DEWEY DECIMAL CLASSIFICATION NUMBER | |
| Classification number | BEE-5 |
| 100 ## - MAIN ENTRY--PERSONAL NAME | |
| Personal name | Afroze Ibrahim Baqapuri |
| 9 (RLIN) | 92470 |
| 245 ## - TITLE STATEMENT | |
| Title | Twitter Sentiment Analysis |
| Statement of responsibility, etc. | Afroze Ibrahim Baqapuri |
| 500 ## - GENERAL NOTE | |
| General note | Supervisors: Dr. Muhammad Usman Ilyas, Dr. Ali Mustafa Qamar |
| 856 ## - ELECTRONIC LOCATION AND ACCESS | |
| Uniform Resource Identifier | <a href="http://10.250.8.41:8080/xmlui/handle/123456789/9632">http://10.250.8.41:8080/xmlui/handle/123456789/9632</a> |
| 942 ## - ADDED ENTRY ELEMENTS (KOHA) | |
| Source of classification or shelving scheme | |
| Koha item type | Project Report |
| Withdrawn status | Lost status | Damaged status | Not for loan | Permanent Location | Current Location | Date acquired | Full call number | Barcode | Date last seen | Price effective from | Koha item type |
|---|---|---|---|---|---|---|---|---|---|---|---|
| WITHDRAWN | Central Library (CL) | Central Library (CL) | 07/04/2022 | BEE-5 MAE | SEECSP01111 | 11/05/2014 | 11/14/2012 | Project Report |
